000 00383nam a2200133Ia 4500
008 151001s9999||||xx |||||||||||||| ||und||
100 _aप्रतिभा साठम
245 _aविचित्र निर्णय
250 _a1
260 _b"निखील प्रकाशन, कोल्हापूर"
260 _c2012
300 _a184
365 _b18
999 _c999768
_d999765